Slamming spam : A guide for system administrators

সংরক্ষণ করুন:
গ্রন্থ-পঞ্জীর বিবরন
প্রধান লেখক: Haskins, Robert
বিন্যাস: গ্রন্থ
ভাষা:Undetermined
প্রকাশিত: New York Addison-Wesley 2005
বিষয়গুলি:
ট্যাগগুলো: ট্যাগ যুক্ত করুন
কোনো ট্যাগ নেই, প্রথমজন হিসাবে ট্যাগ করুন!
Thư viện lưu trữ: Trung tâm Học liệu Trường Đại học Cần Thơ
LEADER 00588nam a2200205Ia 4500
001 CTU_88441
008 210402s9999 xx 000 0 und d
020 |c 583000 
082 |a 004.692 
082 |b H351 
100 |a Haskins, Robert 
245 0 |a Slamming spam : 
245 2 |b A guide for system administrators 
245 0 |c Robert Haskins, Dale Nielsen 
260 |a New York 
260 |b Addison-Wesley 
260 |c 2005 
650 |a Spam filtering (electronic mail),Spam (electronic mail) 
904 |i Giang,Hải 
980 |a Trung tâm Học liệu Trường Đại học Cần Thơ